000 00806nam a22002771 4500
001 141060
003 ES-MaACL
005 20230906200219.0
007 t|
008 070919s1964 sp ||||0| spa d
080 _a159.922.1
080 _a616.89-008.442
100 1 _aWilson, Colin.
_9117017
245 1 4 _aLos orígenes del impulso sexual /
_cColin Wilson ; [versión española de F. Elías].
250 _a1ª ed.
260 _aBarcelona :
_bLuis de Caralt,
_c1964.
300 _a300 p. ;
_c21 cm.
490 1 _aCultura médica
650 _aPerversiones sexuales.
_9166424
650 4 _aInstinto sexual.
_9173840
700 1 _aElías, Francisco.
_946960
830 1 _aCultura médica
_9183701
852 4 _aES-MaACL
_jC-27152
852 4 _aES-MaACL
_jC-26807
999 _c141060
_d141060